000
00325nam a22001457a 4500
008
221206b ||||| |||| 00| 0 eng d
020
_a
9788184739145
041
_a
eng
080
_2
SIXTH EDITION
_a
575
082
_a
575FER
100
_a
13
101
_a
BIOKIMI
245
_a
BIOCHEMISTRY
_c
FERRIER R D
942
_2
udc
_c
BK
999
_c
59112
_d
59112